000 00893nam a2200253Ia 4500
003 OSt
005 20220923222452.0
006 a|||||r|||| 00| 0
007 ta
008 220922b |||||||| |||| 00| 0 hin d
024 _a205,191
037 _cTextual
040 _aARTS
_cARTS
_bhin
041 _2hin
_ahin
082 _aO152:gN, K5
100 _aरांग्रा, रणवीर, संपा.
245 0 _aसाहित्य
_b साधना और संघर्ष
246 _aSāhitya: sādhanā aur sangharṣha: ādhunik sāhitya aur sāhityakār kī samasyāo kā anubhūtipūrak vivechana
260 _c1965
490 _aसाहित्यिकी; 1
650 _aहिन्दी साहित्य
_9156264
942 _hO152:gN, K5
_cTEXL
_2CC
999 _c355921
_d355921